Gestión de proyectos con Microsoft Project 2007 (Registro nro. 2722)

Detalles MARC
000 -Cabecera
Campo de control de longitud fija 01354aam a2200421 4500
005 - Fecha y hora de la última transacción
Campo de control 20250624164119.0
008 - Elementos de longitud fija--Información general
Campo de control de longitud fija 150609b2007 xxu||||| |||| 00| 0 spa d
020 ## - International Standard Book Number
Número Internacional Estándar del Libro (ISBN) 9789701512944
041 ## - Idioma
Código de idioma Español
082 ## - Clasificación Decimal Dewey
Número de clasificación 658.404.028.5 C716ge
100 ## - Entrada principal--Autor personal
Nombre personal Colmenar, Antonio
100 ## - Entrada principal--Autor personal
Nombre personal Castro, Manuel
100 ## - Entrada principal--Autor personal
Nombre personal Pérez, Julio
245 ## - Título propiamente dicho
Título Gestión de proyectos con Microsoft Project 2007
260 ## - Pie de imprenta
Lugar de publicación, distribución, etc. México
260 ## - Pie de imprenta
Nombre del editor, distribuidor, etc. Alfaomega
260 ## - Pie de imprenta
Fecha de publicación, distribución, etc. 2007
300 ## - Descripción física
Extensión 288 páginas
490 ## - Serie
Título de la Serie Dirección y Administración de Empresas
650 ## - Materia general
Temática (materia general) GERENCIA DE PROYECTOS
650 ## - Materia general
Temática (materia general) PROCESAMIENTO DE DATOS
650 ## - Materia general
Temática (materia general) APLICACIONES DE COMPUTADORA
650 ## - Materia general
Temática (materia general) PROYECTOS INFORMÁTICOS
650 ## - Materia general
Temática (materia general) MICROSOFT OFFICE PROJECT 2007
650 ## - Materia general
Temática (materia general) INSTALACIÓN DE MICROSOFT OFFICE PROJECT 2007
650 ## - Materia general
Temática (materia general) INTRODUCCIÓN A LA GESTIÓN DE PROYECTOS
650 ## - Materia general
Temática (materia general) PASO A PASO DE UN PROYECTO
650 ## - Materia general
Temática (materia general) MANEJO DE LAS TAREAS DE PROYECTOS
650 ## - Materia general
Temática (materia general) ESQUEMATIZACIÓN DE UN PROYECTO
650 ## - Materia general
Temática (materia general) GESTIÓN DE LOS RECURSOS DEL PROYECTO
650 ## - Materia general
Temática (materia general) PROGRAMACIÓN CON RECURSOS
650 ## - Materia general
Temática (materia general) CONTROL DE UN PROYECTO
650 ## - Materia general
Temática (materia general) APLICACIÓN DE FILTROS Y ORDENACIÓN DE DATOS
650 ## - Materia general
Temática (materia general) PERSONALIZACIÓN DE TABLAS
650 ## - Materia general
Temática (materia general) ELABORACIÓN DE PROYECTOS
650 ## - Materia general
Temática (materia general) CONTROL DE PROYECTOS
942 ## - Punto de acceso adicional KOHA
Tipo de ítem KOHA Libro
Fuente del sistema de clasificación o colocación Dewey Decimal Classification
Existencias
Signatura completa Código de barras Programa Académico Tipo de ítem
658.404.028.5 C716ge 15935   Libro
658.404.028.5 C716ge 15936   Libro